000 00278nam a22001337a 4500
008 181018b xxu||||| |||| 00| 0 eng d
020 _a9780470813096
041 _aeng
080 _a338
100 _a52
101 _aMAN
245 _aMnagemnet
_cPoole.C
942 _2udc
_cBK
999 _c50092
_d50092